Statistics for Canada Province Capitals

Click here to take the quiz!

General Stats

  • This quiz has been taken 3,215 times
  • The average score is 10 of 13

Answer Stats

Province Popul. Capital % Correct
Ontario2,615,060Toronto
97%
Québec516,622Québec
92%
Alberta812,201Edmonton
87%
British Columbia80,017Victoria
81%
Manitoba663,617Winnipeg
80%
Nova Scotia390,096Halifax
77%
Saskatchewan193,100Regina
77%
Northwest Territory19,234Yellowknife
75%
Newfoundland & Labrador106,172St. John's
69%
Yukon26,711Whitehorse
69%
Prince Edward Island34.562Charlottetown
60%
Nunavut6,699Iqaluit
52%
New Brunswick56,224Fredericton
50%

Score Distribution

Percentile by Number Answered

Percent of People with Each Score

Your Score History

You have not taken this quiz